000 00602nam a2200193Ia 4500
005 20250508164813.0
008 008 250505s9999 xx 000 0 hin d
037 _aTheses
040 _aFEDL
_beng
_cFEDL
041 _ahin
_2eng
084 _a375.3, JOS/TH
_qFEDL
100 _aJoshi Dhananjay
_9779187
245 0 _aSamajik vigyan vishaya ki patthyacharya ka netik-mulya avam nagrik-bodh vikas ke sandarbh me vishleshnatmak addhyan
260 _c2003
300 _a341p.
546 _aPh. D. Thesis (Delhi University)
942 _cTH
_h375.3, JOS/TH
999 _c1391281
_d1391281